| 000 | 00528nam a2200181Ia 4500 | ||
|---|---|---|---|
| 005 | 20250317131434.0 | ||
| 008 | 008 250317s9999 xx 000 0 eng d | ||
| 037 | _aTextbook | ||
| 040 |
_aFMSL _beng _cFMSL |
||
| 041 |
_aeng _2eng |
||
| 084 |
_aD658(2:55) N7 _qFMSL |
||
| 100 |
_aHeller P _9736050 |
||
| 245 | 0 | _aJava 1.1 Develper's Handbook | |
| 260 |
_aNew Delhi _bNew Delhi, BPB Publicaitons _c1997 |
||
| 300 | _a1159p | ||
| 942 |
_cTB _hD658(2:55) N7 |
||
| 999 |
_c1268107 _d1268107 |
||